|
|
|
|
| LEADER |
00844nab a2200229 i 4500 |
| 001 |
publ26389 |
| 005 |
20230130105755.0 |
| 008 |
230130s2022 hu o 0|| Magyar d |
| 022 |
|
|
|a 0017-6036
|
| 024 |
7 |
|
|a 33538873
|2 mtmt
|
| 040 |
|
|
|a SZTE Publicatio Repozitórium
|b hun
|
| 041 |
|
|
|a Magyar
|
| 100 |
1 |
|
|a Sipos Bence
|
| 245 |
1 |
0 |
|a Lipid- és fehérjealapú nanomedicinális készítmények a daganatterápiában
|h [elektronikus dokumentum] /
|c Sipos Bence
|
| 260 |
|
|
|c 2022
|
| 300 |
|
|
|a 633-637
|
| 490 |
0 |
|
|a GYÓGYSZERÉSZET
|v 66 No. 12
|
| 650 |
|
4 |
|a Általános orvostudomány
|
| 650 |
|
4 |
|a Farmakológia és gyógyszerészet
|
| 700 |
0 |
1 |
|a Katona Gábor
|e aut
|
| 700 |
0 |
2 |
|a Pannonhalminé Csóka Ildikó
|e aut
|
| 856 |
4 |
0 |
|u http://publicatio.bibl.u-szeged.hu/26389/1/Gyogyszereszet-2212SiposBenceNanomedicinalisdaganaterapia.pdf
|z Dokumentum-elérés
|